Understanding environmental pollution / (Record no. 23309)

MARC details
000 -LEADER
fixed length control field 00531cam a22001934a 4500
003 - CONTROL NUMBER IDENTIFIER
control field KenMUT
005 - DATE AND TIME OF LATEST TRANSACTION
control field 20250929125606.0
008 - FIXED-LENGTH DATA ELEMENTS--GENERAL INFORMATION
fixed length control field 100828s2010 enka b 001 0 eng
020 ## - INTERNATIONAL STANDARD BOOK NUMBER
International Standard Book Number 9780521527262
040 ## - CATALOGING SOURCE
Transcribing agency MUT
050 00 - LIBRARY OF CONGRESS CALL NUMBER
Classification number TD 174
Item number .H55 2007
100 1# - MAIN ENTRY--PERSONAL NAME
Personal name Hill, Marquita K.
245 10 - TITLE STATEMENT
Title Understanding environmental pollution /
250 ## - EDITION STATEMENT
Edition statement 2nd ed.
260 ## - PUBLICATION, DISTRIBUTION, ETC.
Place of publication, distribution, etc. Cambridge ;
-- New York :
Name of publisher, distributor, etc. Cambridge University Press,
Date of publication, distribution, etc. 2007.
650 #0 - SUBJECT ADDED ENTRY--TOPICAL TERM
Topical term or geographic name entry element Pollution.
650 #0 - SUBJECT ADDED ENTRY--TOPICAL TERM
Topical term or geographic name entry element Pollutants.
942 ## - ADDED ENTRY ELEMENTS (KOHA)
Source of classification or shelving scheme Library of Congress Classification
Koha item type Books
Suppress in OPAC No
Holdings
Withdrawn status Lost status Source of classification or shelving scheme Damaged status Not for loan Home library Current library Shelving location Date acquired Source of acquisition Total checkouts Full call number Barcode Date last seen Price effective from Koha item type
    Library of Congress Classification     Murang'a University of Technology Library Murang'a University of Technology Library General stacks 29/09/2025 Donation   TD 174 .H55 2007 027177 29/09/2025 29/09/2025 Books